| 000 | 00523nam a2200181Ia 4500 | ||
|---|---|---|---|
| 999 |
_c15123 _d15123 |
||
| 003 | OSt | ||
| 005 | 20201217130746.0 | ||
| 008 | 190216s9999||||xx |||||||||||||| ||und|| | ||
| 040 | _coclc | ||
| 082 |
_a423.1 _bROG/R |
||
| 100 |
_aRoget, Peter Mark _97633 |
||
| 245 | 0 |
_aRoget`s International Thesaurus / _cPeter Mark Roget |
|
| 250 | _a3rd Ed. | ||
| 260 |
_bOxford & I B H Publishing, _c2005. _aNew Delhi: |
||
| 300 | _a1258p | ||
| 650 | _aEnglish | ||
| 942 |
_cREF _2ddc _h423.1 _iROG/R _k423.1 _mROG/R |
||